| 000 | 00420nam a22001457a 4500 | ||
|---|---|---|---|
| 020 | _qHB. | ||
| 040 | _cFIZZA ISHAQ | ||
| 082 |
_a692.8 _bRIC |
||
| 100 |
_aClough , Richard H. _9133451 |
||
| 245 |
_aConstruction Contracting: A Practical Guide to Company Management / _cRichard H. Clough. |
||
| 250 | _a8th ED. | ||
| 260 |
_aNew York: _b Wiley, _c2015. |
||
| 300 |
_a684 P. ; _c7.8 x 1.5 x 9.4 inches |
||
| 942 |
_2ddc _cBK |
||
| 999 |
_c616406 _d616406 |
||